Central Library OPAC University of Rajshahi
Normal view MARC view

Entry Personal Name

Number of records used in: 2

001 - CONTROL NUMBER

  • control field: 4375

003 - CONTROL NUMBER IDENTIFIER

  • control field: BD-RjUL

005 - DATE AND TIME OF LATEST TRANSACTION

  • control field: 20220814102551.0

008 - FIXED-LENGTH DATA ELEMENTS

  • fixed length control field: 220814|| aca||aabn | a|a d

040 ## - CATALOGING SOURCE

  • Original cataloging agency: BD-RjUL
  • Transcribing agency: BD-RjUL

100 ## - HEADING--PERSONAL NAME

  • Personal name: Hossain, Md. Daud

670 ## - SOURCE DATA FOUND

  • Source citation: Work cat.: (BD-RjUL)80200: Hossain, Md. Daud, Cytogenetical Studies In Chilli (Capsicum Annuum L.) /, 1990